[Event "Titled Tuesday intern op 02nd Apr Early"]
[Site "Chess.com INT"]
[Date "2024.04.02"]
[Round "10"]
[White "Filippova, Margarita"]
[Black "Kiseljova, Marya"]
[Result "1/2-1/2"]
[WhiteElo "2007"]
[BlackElo "2031"]
[PlyCount "111"]
[EventDate "2024.04.02"]
[EventType "swiss (blitz)"]
[EventRounds "11"]
[EventCountry "USA"]
[SourceTitle "CB15_2024"]
[SourceDate "2024.04.10"]
[SourceVersion "1"]
[SourceVersionDate "2024.04.10"]
[SourceQuality "1"]

1. h3 d5 2. d4 Nf6 3. Nf3 Bf5 4. Bf4 e6 5. e3 Bd6 6. Nbd2 0-0 7. Bd3 Bg6 8. Ne5 c5 9. Nxg6 hxg6 10. Bxd6 Qxd6 11. c3 Nc6 12. 0-0 Rab8 13. Rc1 b5 14. dxc5 Qxc5 15. e4 Ne5 16. Bb1 Nc4 17. exd5 Qxd5 18. Nxc4 Qxc4 19. b3 Qf4 20. c4 Rfd8 21. Qe2 Rd2 22. Qe3 Qxe3 23. fxe3 bxc4 24. Rxc4 Nd5 25. Re1 Rd8 26. Be4 Nf6 27. Bb1 Nd5 28. Rd4 Rxd4 29. exd4 Nc3 30. Rc1 Nxb1 31. Rxb1 Rxd4 32. Rb2 Kf8 33. Kf2 Ke7 34. Ke3 e5 35. Rd2 Rxd2 36. Kxd2 f5 37. b4 Kd6 38. a4 Kd5 39. Kd3 g5 40. b5 Kc5 41. Kc3 Kb6 42. Kb4 e4 43. a5+ Kb7 44. Kc4 f4 45. Kd4 e3 46. Kd3 Kc7 47. Ke2 Kd6 48. b6 a6 49. Kf3 Kc6 50. Ke2 Kb7 51. g3 Kc6 52. h4 gxh4 53. gxh4 Kb7 54. Kf3 Kc6 55. Ke2 Kb7 56. Kf3 1/2-1/2

[Event "Titled Tuesday intern op 02nd Apr Early"]
[Site "Chess.com INT"]
[Date "2024.04.02"]
[Round "4"]
[White "Tan, Ralph"]
[Black "Kiseljova, Marya"]
[Result "1-0"]
[WhiteElo "2004"]
[BlackElo "2031"]
[PlyCount "77"]
[EventDate "2024.04.02"]
[EventType "swiss (blitz)"]
[EventRounds "11"]
[EventCountry "USA"]
[SourceTitle "CB15_2024"]
[SourceDate "2024.04.10"]
[SourceVersion "1"]
[SourceVersionDate "2024.04.10"]
[SourceQuality "1"]

1. e4 c5 2. Nf3 Nc6 3. d4 cxd4 4. Nxd4 g6 5. c4 Bg7 6. Be3 Qb6 7. Nb5 Qa5+ 8. N1c3 a6 9. Nd4 d6 10. Be2 Nf6 11. 0-0 0-0 12. Nd5 Nxd5 13. exd5 Nxd4 14. Bxd4 b5 15. Bxg7 Kxg7 16. Qd4+ Kg8 17. c5 dxc5 18. Qxc5 Bf5 19. Bf3 Rfe8 20. Rfe1 Rac8 21. Qe3 Qb4 22. Re2 Qd6 23. h3 Rc7 24. Rae1 Rec8 25. Qg5 Kg7 26. g4 h6 27. Qe3 Bc2 28. Qd4+ Kg8 29. Rc1 a5 30. Qe3 Qc5 31. Qxh6 Qd4 32. Rd2 Qxb2 33. Re1 Qxa2 34. d6 exd6 35. Bd5 Qb2 36. Rde2 Qg7 37. Re8+ Rxe8 38. Rxe8+ Qf8 39. Rxf8# 1-0

[Event "Titled Tuesday intern op 13th Feb Early"]
[Site "Chess.com INT"]
[Date "2024.02.13"]
[Round "2"]
[White "Kiseljova, Marya"]
[Black "Zirkelbach, Maj"]
[Result "0-1"]
[WhiteElo "2031"]
[BlackElo "2261"]
[PlyCount "64"]
[EventDate "2024.02.13"]
[EventType "swiss (blitz)"]
[EventRounds "11"]
[EventCountry "USA"]
[SourceTitle "CB08_2024"]
[SourceDate "2024.02.21"]
[SourceVersion "1"]
[SourceVersionDate "2024.02.21"]
[SourceQuality "1"]

1. d4 Nf6 2. c4 e6 3. Nf3 d5 4. g3 Bb4+ 5. Bd2 Be7 6. Bg2 0-0 7. Nc3 c6 8. 0-0 Nbd7 9. Qc2 dxc4 10. Ne5 Nxe5 11. dxe5 Nd5 12. Be4 h6 13. a4 Rb8 14. a5 b5 15. axb6 axb6 16. Ra7 b5 17. Qc1 Bc5 18. Ra1 f5 19. exf6 Qxf6 20. Bf3 Bd4 21. Ne4 Qg6 22. Rb1 e5 23. b3 Bf5 24. Nc3 Nxc3 25. Bxc3 Bxc3 26. Qxc3 Bxb1 27. bxc4 Be4 28. cxb5 Bxf3 29. exf3 cxb5 30. Qxe5 b4 31. Rc1 b3 32. Qd5+ Kh7 0-1

[Event "Titled Tuesday intern op 13th Feb Early"]
[Site "Chess.com INT"]
[Date "2024.02.13"]
[Round "6"]
[White "Perez Cruz, Adianet"]
[Black "Kiseljova, Marya"]
[Result "1/2-1/2"]
[WhiteElo "1973"]
[BlackElo "2031"]
[PlyCount "168"]
[EventDate "2024.02.13"]
[EventType "swiss (blitz)"]
[EventRounds "11"]
[EventCountry "USA"]
[SourceTitle "CB08_2024"]
[SourceDate "2024.02.21"]
[SourceVersion "1"]
[SourceVersionDate "2024.02.21"]
[SourceQuality "1"]

1. d4 d5 2. Nf3 Nf6 3. Bf4 c5 4. c3 Nc6 5. e3 Nh5 6. Bg3 Qb6 7. Qb3 Nxg3 8. hxg3 c4 9. Qxb6 axb6 10. Be2 b5 11. 0-0 b4 12. a3 b3 13. Nbd2 Bf5 14. Nh4 Bc2 15. Bd1 Bd3 16. Re1 e6 17. e4 0-0-0 18. exd5 Rxd5 19. Bf3 Rd7 20. Be4 Bxe4 21. Rxe4 b5 22. Nhf3 Bd6 23. a4 Ra7 24. Ree1 bxa4 25. Nxc4 Be7 26. Rxa4 Rxa4 27. Nb6+ Kb7 28. Nxa4 Ra8 29. Nc5+ Bxc5 30. dxc5 Ra2 31. Re2 Na5 32. Nd4 e5 33. Rxe5 Rxb2 34. Re7+ Kc8 35. Rxf7 Rb1+ 36. Kh2 b2 37. Rf8+ Kd7 38. Rb8 Kc7 39. Rb5 Nc4 40. Ne6+ Kc6 41. Nd4+ Kd5 42. c6+ Kd6 43. Nc2 Rc1 44. c7 Kxc7 45. Na3 Nxa3 46. Rxb2 Rxc3 47. Re2 Rd3 48. Re7+ Rd7 49. Re3 Nb5 50. g4 Nd4 51. f3 Kd6 52. Ra3 Ke5 53. Ra5+ Kf4 54. Ra3 g5 55. g3+ Ke5 56. Kg2 Rd6 57. Ra5+ Kf6 58. f4 Ne6 59. Rf5+ Kg6 60. Kh3 Rd3 61. Kh2 Rd2+ 62. Kh3 Rd3 63. Kh2 gxf4 64. gxf4 h6 65. Re5 Nxf4 66. Re4 Kg5 67. Ra4 Kxg4 68. Kg1 Kg3 69. Ra1 h5 70. Kh1 h4 71. Rg1+ Kh3 72. Rf1 Kg4 73. Rg1+ Rg3 74. Rf1 h3 75. Rf2 Rf3 76. Re2 Kg3 77. Re1 Ng2 78. Rg1 Kf2 79. Rb1 Re3 80. Rb2+ Kg3 81. Rb1 Re1+ 82. Rxe1 Nxe1 83. Kg1 Nf3+ 84. Kh1 Kf2 1/2-1/2

[Event "Titled Tuesday intern op 06th Feb Early"]
[Site "Chess.com INT"]
[Date "2024.02.06"]
[Round "3"]
[White "Kiseljova, Marya"]
[Black "Landaw, Julian W"]
[Result "0-1"]
[WhiteElo "2031"]
[BlackElo "2318"]
[PlyCount "94"]
[EventDate "2024.02.06"]
[EventType "swiss (blitz)"]
[EventRounds "11"]
[EventCountry "USA"]
[SourceTitle "CB07_2024"]
[SourceDate "2024.02.14"]
[SourceVersion "1"]
[SourceVersionDate "2024.02.14"]
[SourceQuality "1"]

1. d4 d5 2. c4 c6 3. Nf3 e6 4. g3 dxc4 5. Bg2 b5 6. 0-0 Bb7 7. a4 Nf6 8. Ne5 Qc7 9. b3 cxb3 10. Qxb3 a6 11. axb5 cxb5 12. Bf4 Bxg2 13. Kxg2 Nbd7 14. Rc1 Qb7+ 15. f3 Nd5 16. Nxd7 Nxf4+ 17. gxf4 Qxd7 18. e3 Bd6 19. Nc3 0-0 20. Ne4 Rfb8 21. Rc2 a5 22. Nxd6 Qxd6 23. Rc5 Qa6 24. f5 exf5 25. Rc7 Qe6 26. Qc2 b4 27. Rc5 Qxe3 28. Raxa5 Rxa5 29. Rc8+ Qe8 30. Rxe8+ Rxe8 31. Qc6 Rd8 32. Qb6 Rad5 33. Qxb4 Rxd4 34. Qb5 g6 35. Kg3 h5 36. h4 Rc8 37. Qb2 f4+ 38. Kh3 Rd3 39. Qb7 Rcc3 40. Qb8+ Kh7 41. Qf8 Rxf3+ 42. Kg2 Rg3+ 43. Kf2 Rc2+ 44. Kf1 Rc7 45. Kf2 Rb3 46. Qd8 Rc2+ 47. Ke1 Rb1+ 0-1

[Event "Titled Tuesday intern op 06th Feb Early"]
[Site "Chess.com INT"]
[Date "2024.02.06"]
[Round "7"]
[White "Omariev, Maksim"]
[Black "Kiseljova, Marya"]
[Result "0-1"]
[WhiteElo "2304"]
[BlackElo "2031"]
[PlyCount "62"]
[EventDate "2024.02.06"]
[EventType "swiss (blitz)"]
[EventRounds "11"]
[EventCountry "USA"]
[SourceTitle "CB07_2024"]
[SourceDate "2024.02.14"]
[SourceVersion "1"]
[SourceVersionDate "2024.02.14"]
[SourceQuality "1"]

1. g4 d5 2. Bg2 Bxg4 3. c4 Nf6 4. Qb3 Nbd7 5. cxd5 Nb6 6. Nc3 Qd7 7. Nf3 Bxf3 8. Bxf3 g6 9. d3 Rd8 10. Bd2 Bg7 11. h4 h5 12. 0-0-0 0-0 13. e4 c6 14. dxc6 Qxd3 15. Be3 Qa6 16. e5 Nh7 17. e6 bxc6 18. exf7+ Kh8 19. Be4 Nd5 20. Bd4 Rxf7 21. Bxg6 Rf4 22. Bxg7+ Kxg7 23. Bxh5 Rdf8 24. Rhg1+ Kh8 25. Be2 Qc8 26. Nxd5 cxd5+ 27. Kb1 Qf5+ 28. Bd3 Qf7 29. Qc3+ Qf6 30. Qc7 Rxf2 31. Qxa7 Qxb2# 0-1

[Event "Titled Tuesday intern op 08th Aug Early"]
[Site "Chess.com INT"]
[Date "2023.08.08"]
[Round "2"]
[White "Moral Garcia, Serafin"]
[Black "Kiseljova, Marya"]
[Result "1-0"]
[WhiteElo "2250"]
[BlackElo "2031"]
[PlyCount "127"]
[EventDate "2023.08.08"]
[EventType "swiss (blitz)"]
[EventRounds "11"]
[EventCountry "USA"]
[SourceTitle "EXT 2024"]
[Source "ChessBase"]
[SourceDate "2023.10.10"]
[SourceVersion "1"]
[SourceVersionDate "2023.10.10"]
[SourceQuality "1"]

1. c4 e5 2. g3 Nf6 3. Bg2 Be7 4. Nc3 c6 5. d4 exd4 6. Qxd4 d6 7. Nf3 Nbd7 8. Bf4 Nc5 9. Qd2 Ne6 10. Be3 0-0 11. h3 Qc7 12. 0-0 Rd8 13. Nd4 Nxd4 14. Bxd4 Be6 15. b3 Qd7 16. Kh2 d5 17. c5 b6 18. b4 bxc5 19. bxc5 Ne4 20. Qc2 Bxc5 21. Bxc5 Nxc5 22. Nxd5 Bxd5 23. Qxc5 Bxg2 24. Kxg2 Qd5+ 25. Qxd5 Rxd5 26. Rfc1 c5 27. Rc2 Kf8 28. Rac1 Rc8 29. e4 Rd4 30. Kf3 Ke7 31. Rxc5 Rxc5 32. Rxc5 Kd6 33. Ra5 Rd3+ 34. Kg2 Rd4 35. Rxa7 Ke6 36. Kf3 Rd3+ 37. Ke2 Rd4 38. f3 Rb4 39. a4 Rb2+ 40. Ke3 Rb3+ 41. Kf4 g5+ 42. Kg4 h5+ 43. Kxg5 Rxf3 44. Kh4 Ke5 45. Ra5+ Kxe4 46. Rxh5 Ra3 47. Ra5 f5 48. Ra8 Kf3 49. Rf8 Ke4 50. g4 fxg4 51. hxg4 Rxa4 52. g5 Ke5+ 53. Kh5 Ra6 54. g6 Ra1 55. Kh6 Rh1+ 56. Kg7 Ke6 57. Rf2 Ke7 58. Kg8 Rg1 59. g7 Rg3 60. Re2+ Kd8 61. Re5 Kd7 62. Kf7 Rf3+ 63. Kg6 Kd6 64. Rg5 1-0

[Event "Titled Tuesday intern op 08th Aug Early"]
[Site "Chess.com INT"]
[Date "2023.08.08"]
[Round "3"]
[White "Rietze, Clemens"]
[Black "Kiseljova, Marya"]
[Result "1-0"]
[WhiteElo "2329"]
[BlackElo "2031"]
[PlyCount "115"]
[EventDate "2023.08.08"]
[EventType "swiss (blitz)"]
[EventRounds "11"]
[EventCountry "USA"]
[SourceTitle "EXT 2024"]
[Source "ChessBase"]
[SourceDate "2023.10.10"]
[SourceVersion "1"]
[SourceVersionDate "2023.10.10"]
[SourceQuality "1"]

1. d4 d5 2. c4 e6 3. Nf3 Nf6 4. Nc3 c5 5. cxd5 exd5 6. g3 Nc6 7. Bg2 cxd4 8. Nxd4 Bc5 9. Nb3 Bb6 10. 0-0 d4 11. Na4 0-0 12. Bg5 h6 13. Bxf6 Qxf6 14. Nac5 Re8 15. Nd3 Bg4 16. Re1 Rad8 17. h3 Bf5 18. Rc1 Be4 19. Qd2 Bxg2 20. Kxg2 Re7 21. Nbc5 Rde8 22. Rc2 Qd6 23. Kg1 Qd5 24. b4 Ne5 25. Nxe5 Qxe5 26. Nd3 Qe4 27. Kh2 h5 28. h4 Bc7 29. Qg5 g6 30. Rec1 Bd6 31. Rd2 b6 32. Rdc2 a5 33. a3 axb4 34. axb4 Re6 35. Kg1 Be7 36. Qf4 Qxf4 37. Nxf4 Re4 38. Nd3 Bd6 39. Kf1 Kg7 40. Re1 Ra8 41. Rc6 Re6 42. Rxb6 Ra4 43. Rb1 Ra2 44. Rb2 Ra1+ 45. Kg2 Rd1 46. Rc6 f5 47. b5 f4 48. gxf4 Kf6 49. b6 Kf5 50. b7 Bb8 51. Rxe6 Kxe6 52. Kf3 Rh1 53. Ke4 Rxh4 54. Kxd4 Rh1 55. e3 Rd1 56. Ke4 h4 57. Nc5+ Kd6 58. Na6 1-0

[Event "Titled Tuesday intern op 18th Jul Early"]
[Site "Chess.com INT"]
[Date "2023.07.18"]
[Round "5"]
[White "Bornholdt, Joa Max"]
[Black "Kiseljova, Marya"]
[Result "0-1"]
[WhiteElo "2265"]
[BlackElo "2031"]
[PlyCount "88"]
[EventDate "2023.07.18"]
[EventType "swiss (blitz)"]
[EventRounds "11"]
[EventCountry "USA"]
[SourceTitle "EXT 2024"]
[Source "ChessBase"]
[SourceDate "2023.10.10"]
[SourceVersion "1"]
[SourceVersionDate "2023.10.10"]
[SourceQuality "1"]

1. d4 Nf6 2. c4 e6 3. Nf3 d5 4. Nc3 c5 5. cxd5 exd5 6. Bg5 Nc6 7. e3 c4 8. Be2 Be7 9. 0-0 0-0 10. b3 Qa5 11. Qc2 b5 12. Bxf6 Nb4 13. Qd2 Bxf6 14. Nxd5 Nc6 15. Qxa5 Nxa5 16. Nxf6+ gxf6 17. bxc4 Nxc4 18. Rfc1 Be6 19. Rc2 Na3 20. Rb2 a6 21. Rc1 Rfc8 22. Rd1 Rc3 23. Nd2 f5 24. g4 Rac8 25. gxf5 Bxf5 26. e4 Bh3 27. Bf1 Bg4 28. f3 Bxf3 29. Nxf3 Rxf3 30. Rg2+ Kf8 31. Be2 Rf4 32. e5 Rd8 33. Rd3 Nc2 34. Rdg3 Nxd4 35. Rg8+ Ke7 36. Rxd8 Nxe2+ 37. Rxe2 Kxd8 38. Kg2 Ke7 39. Kg3 Ra4 40. Kf3 Ke6 41. h3 Rh4 42. Kg3 Rc4 43. Kf3 a5 44. Kg3 b4 0-1

[Event "Titled Tuesday intern op 18th Jul Early"]
[Site "Chess.com INT"]
[Date "2023.07.18"]
[Round "11"]
[White "Montano, Vicente Guadalupe"]
[Black "Kiseljova, Marya"]
[Result "1/2-1/2"]
[WhiteElo "1809"]
[BlackElo "2031"]
[PlyCount "122"]
[EventDate "2023.07.18"]
[EventType "swiss (blitz)"]
[EventRounds "11"]
[EventCountry "USA"]
[SourceTitle "EXT 2024"]
[Source "ChessBase"]
[SourceDate "2023.10.10"]
[SourceVersion "1"]
[SourceVersionDate "2023.10.10"]
[SourceQuality "1"]

1. d4 d5 2. c4 e6 3. Nc3 Nf6 4. cxd5 exd5 5. Bg5 c6 6. Qc2 Be7 7. e3 0-0 8. Bd3 h6 9. Bh4 Nh5 10. Bxe7 Qxe7 11. Nge2 Qg5 12. 0-0 Bh3 13. Ng3 Nxg3 14. hxg3 Bg4 15. b4 a6 16. a4 Nd7 17. b5 axb5 18. axb5 Rfb8 19. Ne2 Bxe2 20. Bxe2 Qf6 21. Rfc1 Rxa1 22. Rxa1 c5 23. Rd1 c4 24. e4 dxe4 25. Bxc4 Nb6 26. Bb3 Qf5 27. Re1 Qxb5 28. Rxe4 Rc8 29. Qd1 Nc4 30. Bxc4 Qxc4 31. Qe2 Qd5 32. Re8+ Rxe8 33. Qxe8+ Kh7 34. Qe3 b5 35. Qd3+ g6 36. Qc3 Qd6 37. Qb3 Kg7 38. Qxb5 Qxd4 39. Qb7 Qd1+ 40. Kh2 Qh5+ 41. Kg1 Qe5 42. Qf3 Qe1+ 43. Kh2 Qe6 44. Qc3+ Qf6 45. Qxf6+ Kxf6 46. g4 Kg5 47. Kg3 Kf6 48. Kf4 g5+ 49. Ke4 Ke6 50. f3 Kf6 51. g3 Kg6 52. f4 h5 53. gxh5+ Kxh5 54. fxg5 Kxg5 55. Kf3 f5 56. Ke3 Kg4 57. Kf2 Kh5 58. Kf3 Kg5 59. Kg2 Kg4 60. Kf2 f4 61. gxf4 Kxf4 1/2-1/2

[Event "Titled Tuesday intern op 13th Jun Early"]
[Site "Chess.com INT"]
[Date "2023.06.13"]
[Round "2"]
[White "Estrada Nieto, Julian"]
[Black "Kiseljova, Marya"]
[Result "1-0"]
[WhiteElo "2217"]
[BlackElo "2031"]
[PlyCount "109"]
[EventDate "2023.06.13"]
[EventType "swiss (blitz)"]
[EventRounds "11"]
[EventCountry "USA"]
[SourceTitle "EXT 2024"]
[Source "ChessBase"]
[SourceDate "2023.10.10"]
[SourceVersion "1"]
[SourceVersionDate "2023.10.10"]
[SourceQuality "1"]

1. e4 c5 2. Nf3 Nc6 3. Bb5 e5 4. 0-0 Bd6 5. c3 a6 6. Ba4 b5 7. Bc2 Nge7 8. d3 0-0 9. Nbd2 Ng6 10. Re1 Bc7 11. Nf1 d5 12. Ng3 f6 13. exd5 Qxd5 14. Bb3 c4 15. dxc4 Qxd1 16. Rxd1 Kh8 17. cxb5 axb5 18. Bd5 Ra6 19. Be3 Bg4 20. h3 Bc8 21. Ne4 Nce7 22. Bb3 Nf5 23. Nc5 Rc6 24. Bd5 Rd6 25. Ne4 Nxe3 26. fxe3 Rdd8 27. Ng3 Bb6 28. Kf2 Ne7 29. Bb3 Bb7 30. Ke2 g6 31. Rxd8 Rxd8 32. Rd1 Rxd1 33. Bxd1 Bd5 34. Bb3 Bxb3 35. axb3 Nd5 36. Nf1 Kg7 37. g3 Kf7 38. e4 Ne7 39. Ne3 Ke6 40. g4 Nc6 41. Nd2 Na5 42. Kd3 Kd6 43. b4 Nc6 44. Nd5 Bd8 45. c4 bxc4+ 46. Nxc4+ Kd7 47. b5 Na5 48. Nxa5 Bxa5 49. Nxf6+ Kd6 50. Nd5 Kc5 51. b4+ Bxb4 52. Nxb4 Kxb5 53. Nd5 Kc5 54. g5 Kd6 55. Nf6 1-0

[Event "Titled Tuesday intern op 13th Jun Early"]
[Site "Chess.com INT"]
[Date "2023.06.13"]
[Round "3"]
[White "Rangel, Daniel"]
[Black "Kiseljova, Marya"]
[Result "1-0"]
[WhiteElo "2199"]
[BlackElo "2031"]
[PlyCount "67"]
[EventDate "2023.06.13"]
[EventType "swiss (blitz)"]
[EventRounds "11"]
[EventCountry "USA"]
[SourceTitle "EXT 2024"]
[Source "ChessBase"]
[SourceDate "2023.10.10"]
[SourceVersion "1"]
[SourceVersionDate "2023.10.10"]
[SourceQuality "1"]

1. d4 Nf6 2. c4 e6 3. Nc3 Bb4 4. e3 0-0 5. Nge2 d5 6. a3 Be7 7. cxd5 exd5 8. Nf4 c6 9. Bd3 h6 10. Bd2 Nbd7 11. g4 Re8 12. h4 Bd6 13. Qf3 Qc7 14. 0-0-0 Bxf4 15. exf4 Nb6 16. Rdg1 Bxg4 17. Rxg4 Nxg4 18. Qxg4 Nc4 19. Rg1 f6 20. Qg6 Qf7 21. Qxh6 Nxd2 22. Kxd2 Re7 23. Qh7+ Kf8 24. h5 Qg8 25. Qf5 Rae8 26. h6 g5 27. fxg5 Qe6 28. Qxe6 Rxe6 29. g6 f5 30. Bxf5 Rf6 31. g7+ Kf7 32. h7 Rxf5 33. g8Q+ Rxg8 34. hxg8Q+ 1-0

[Event "Titled Tuesday intern op 30th May Early"]
[Site "Chess.com INT"]
[Date "2023.05.30"]
[Round "6"]
[White "Avazkhonov, Alikhon"]
[Black "Kiseljova, Marya"]
[Result "1-0"]
[WhiteElo "1538"]
[BlackElo "2031"]
[PlyCount "63"]
[EventDate "2023.05.30"]
[EventType "swiss (blitz)"]
[EventRounds "11"]
[EventCountry "USA"]
[SourceTitle "CBM 214 Extra"]
[Source "ChessBase"]
[SourceDate "2023.07.31"]
[SourceVersion "1"]
[SourceVersionDate "2023.07.31"]
[SourceQuality "1"]

1. d4 Nf6 2. c4 e6 3. Nc3 Bb4 4. e3 0-0 5. Bd2 Re8 6. Nf3 d6 7. Bd3 e5 8. Be2 Qe7 9. a3 Bxc3 10. Bxc3 Bg4 11. 0-0 exd4 12. Qxd4 Nc6 13. Qf4 Bxf3 14. Bxf3 Ne5 15. Bxb7 Rab8 16. Bf3 Nd3 17. Qd4 Ne5 18. Be2 c5 19. Qd1 Ne4 20. Qc2 Nxc3 21. Qxc3 Qb7 22. Rab1 Re6 23. b4 Rg6 24. f3 Qc6 25. bxc5 Rxb1 26. Rxb1 h5 27. cxd6 Nxf3+ 28. Bxf3 Qxf3 29. Qd2 Qc6 30. d7 Rd6 31. d8Q+ Kh7 32. Q8xd6 1-0

[Event "Titled Tuesday intern op 16th May Early"]
[Site "Chess.com INT"]
[Date "2023.05.16"]
[Round "2"]
[White "Kiseljova, Marya"]
[Black "Mrudul, Dehankar"]
[Result "1-0"]
[WhiteElo "2031"]
[BlackElo "2030"]
[PlyCount "103"]
[EventDate "2023.05.16"]
[EventType "swiss (blitz)"]
[EventRounds "11"]
[EventCountry "USA"]
[SourceTitle "CBM 214 Extra"]
[Source "ChessBase"]
[SourceDate "2023.07.31"]
[SourceVersion "1"]
[SourceVersionDate "2023.07.31"]
[SourceQuality "1"]

1. d4 Nf6 2. c4 e6 3. Bf4 Bb4+ 4. Nd2 c5 5. e3 Nc6 6. Ngf3 Ne4 7. a3 Bxd2+ 8. Nxd2 Nxd2 9. Qxd2 cxd4 10. exd4 d6 11. Be2 e5 12. dxe5 dxe5 13. Qxd8+ Kxd8 14. 0-0-0+ Ke7 15. Be3 Be6 16. Bc5+ Kf6 17. b3 Rac8 18. Be3 b5 19. c5 Bxb3 20. Rd6+ Be6 21. h4 Ke7 22. Bxb5 Nd4 23. Bxd4 exd4 24. Rc6 Rxc6 25. Bxc6 Rc8 26. Be4 Rxc5+ 27. Kd2 Rc3 28. Ra1 g6 29. g3 h5 30. a4 a5 31. Bc2 Kf6 32. Rb1 Rc5 33. Bd3 Ke5 34. Re1+ Kd6 35. Rb1 Kc6 36. Bb5+ Kd6 37. Kd3 Bd5 38. Kxd4 Rc2 39. Bd3 Rxf2 40. Rb6+ Kc7 41. Rb5 Bc6 42. Rxa5 Rf3 43. Ra7+ Kb6 44. Ra6+ Kb7 45. Rxc6 Rxd3+ 46. Kxd3 Kxc6 47. Kd4 Kb6 48. Ke5 f5 49. Kf6 Ka5 50. Kxg6 Kxa4 51. Kxh5 Kb5 52. Kg6 1-0